|
|
|
|
| LEADER |
00000nam a22000005a 4500 |
| 001 |
vtls010356207 |
| 003 |
SK-MaSNL |
| 005 |
20260331205419.0 |
| 008 |
120510s2011 xo 000 0 slo |
| 015 |
|
|
|a SNBSAB2011-00073
|
| 040 |
|
|
|a SNK
|b slo
|c SNK
|e AACR2
|
| 041 |
0 |
|
|a slo
|a hun
|
| 043 |
|
|
|a e-xo---
|
| 044 |
|
|
|a xo
|c SK
|
| 072 |
|
7 |
|a 821.511.1
|x Ugrofínske literatúry
|2 konspekt
|
| 080 |
|
|
|a 821.511.141-051
|2 2001
|
| 080 |
|
|
|a 929
|2 2001
|
| 080 |
|
|
|a (437.6)
|2 2001
|
| 080 |
|
|
|a 012
|2 2001
|
| 100 |
1 |
|
|a Vargová, Marta,
|d 1953-
|4 com
|9 119309
|
| 245 |
1 |
0 |
|a Fellinger Károly
|b (personálna bibliografia - személyi bibliográfia)
|c [zostavila: Marta Vargová]
|
| 250 |
|
|
|a [1. vyd.]
|
| 260 |
|
|
|a Dunajská Streda
|b Žitnoostrovná knižnica
|c 2011
|
| 300 |
|
|
|a [6 s.]
|b obr.
|c 20 cm
|
| 366 |
|
|
|e 10 výt.
|
| 504 |
|
|
|a Usporiadanie temat. 78 zázn.
|
| 600 |
1 |
7 |
|a Fellinger, Károly,
|d 1963-
|2 SNKMA
|9 104282
|
| 650 |
0 |
7 |
|a maďarskí spisovatelia
|2 SNKPH
|9 55632
|
| 655 |
|
7 |
|a personálne bibliografie
|2 SNKPH
|9 70198
|
| 700 |
1 |
|
|a Tóthová, Lýdia
|4 lso
|9 336149
|
| 710 |
2 |
|
|a Žitnoostrovná knižnica (Dunajská Streda, Slovensko)
|4 pbl
|9 32794
|
| 710 |
1 |
|
|a Trnavský samosprávny kraj (Slovensko).
|b Úrad
|4 pbl
|9 139372
|
| 958 |
|
|
|a HU
|
| 958 |
|
|
|a NM
|
| 958 |
|
|
|a BX
|
| 958 |
|
|
|a PB
|
| 999 |
|
|
|c 1008821
|d 1010751
|
| 952 |
|
|
|a SNK
|b SNK
|y PREZ
|7 0
|p 17A0992976
|o snkOSC 25975
|i snk2012/9095
|8 0
|0 0
|1 0
|4 0
|d 2012-05-10
|l 0
|r 2026-02-24 12:44:04
|w 2026-02-24
|
| 952 |
|
|
|a SNK
|b SNK
|y PREZ
|7 0
|p 17A0992975
|o snkOSC 25975 D1
|i snk2012/9096
|8 0
|0 0
|1 0
|4 0
|d 2012-05-10
|l 0
|r 2026-02-24 12:44:04
|w 2026-02-24
|